[Event "XXIX Miedzynarodowy Festiwal Szachowy CRACOVIA-2018 Grupa A"]
[Site "Krakow, Hotel Galaxy, ul. Gesia 22a"]
[Date "2018.12.28"]
[Round "2.1"]
[White "Kulkarni, Bhakti"]
[Black "Jarmula, Lukasz"]
[Result "0-1"]
[BlackElo "2481"]
[WhiteElo "2283"]
[LiveChessVersion "1.4.8"]

1. d4 {[%clk 1:30:53]} d5 {[%clk 1:30:54]} 2. c4 {[%clk 1:30:47]} e6
{[%clk 1:31:19]} 3. Nc3 {[%clk 1:30:47]} Bb4 {[%clk 1:31:43]} 4. cxd5
{[%clk 1:28:00]} exd5 {[%clk 1:31:25]} 5. a3 {[%clk 1:26:10]} Bxc3+
{[%clk 1:30:38]} 6. bxc3 {[%clk 1:26:38]} Ne7 {[%clk 1:28:19]} 7. e3
{[%clk 1:21:55]} O-O {[%clk 1:27:53]} 8. Bd3 {[%clk 1:18:32]} Bf5
{[%clk 1:27:04]} 9. Ne2 {[%clk 1:18:10]} Bxd3 {[%clk 1:20:01]} 10. Qxd3
{[%clk 1:18:32]} c5 {[%clk 1:19:55]} 11. O-O {[%clk 1:16:01]} Nbc6
{[%clk 1:16:15]} 12. a4 {[%clk 1:13:55]} c4 {[%clk 1:15:23]} 13. Qc2
{[%clk 1:14:11]} Na5 {[%clk 1:14:04]} 14. Ba3 {[%clk 1:14:09]} Nb3
{[%clk 1:14:03]} 15. Rae1 {[%clk 1:13:11]} Re8 {[%clk 1:13:48]} 16. f3
{[%clk 1:05:39]} Ng6 {[%clk 1:09:19]} 17. e4 {[%clk 0:59:33]} Qa5
{[%clk 1:06:05]} 18. exd5 {[%clk 0:28:20]} Qxd5 {[%clk 0:51:43]} 19. Ng3
{[%clk 0:28:04]} Qa5 {[%clk 0:50:25]} 20. Nf5 {[%clk 0:22:26]} Rxe1
{[%clk 0:43:47]} 21. Rxe1 {[%clk 0:22:50]} Qxa4 {[%clk 0:43:57]} 22. Ne7+
{[%clk 0:22:06]} Nxe7 {[%clk 0:40:48]} 23. Bxe7 {[%clk 0:22:30]} Qd7
{[%clk 0:37:18]} 24. Qe4 {[%clk 0:21:28]} Re8 {[%clk 0:36:46]} 25. Re3
{[%clk 0:17:21]} b6 {[%clk 0:31:06]} 26. Qf4 {[%clk 0:16:46]} h6 {[%clk 0:25:41]}
27. Ba3 {[%clk 0:17:04]} Rxe3 {[%clk 0:20:26]} 28. Qxe3 {[%clk 0:17:31]} Qe6
{[%clk 0:19:19]} 29. Kf2 {[%clk 0:17:39]} a5 {[%clk 0:17:10]} 30. Qf4
{[%clk 0:17:38]} Kh7 {[%clk 0:17:07]} 31. Qc7 {[%clk 0:12:28]} Na1
{[%clk 0:13:49]} 32. Bc1 {[%clk 0:09:00]} Nc2 {[%clk 0:11:22]} 33. Bd2
{[%clk 0:09:27]} a4 {[%clk 0:11:40]} 34. Qa7 {[%clk 0:08:29]} b5 {[%clk 0:11:39]}
35. Qc5 {[%clk 0:08:34]} a3 {[%clk 0:11:26]} 36. d5 {[%clk 0:08:57]} Qe5
{[%clk 0:10:28]} 37. f4 {[%clk 0:07:58]} Qf5 {[%clk 0:10:35]} 0-1

[Event "XXIX Miedzynarodowy Festiwal Szachowy CRACOVIA-2018 Grupa A"]
[Site "Krakow, Hotel Galaxy, ul. Gesia 22a"]
[Date "2018.12.28"]
[Round "2.6"]
[White "Marczuk, Dominik"]
[Black "Skawinski, Arkadiusz"]
[Result "1-0"]
[BlackElo "2419"]
[WhiteElo "2274"]
[LiveChessVersion "1.4.8"]

1. d4 {[%clk 1:30:48]} d5 {[%clk 1:30:54]} 2. Nc3 {[%clk 1:31:12]} e6
{[%clk 1:30:57]} 3. Bf4 {[%clk 1:31:16]} Nf6 {[%clk 1:31:08]} 4. Nb5
{[%clk 1:30:42]} Na6 {[%clk 1:31:33]} 5. a3 {[%clk 1:30:46]} Nh5 {[%clk 1:22:10]}
6. Be5 {[%clk 1:27:57]} f6 {[%clk 1:20:59]} 7. e3 {[%clk 1:09:32]} g6
{[%clk 1:21:12]} 8. Bg3 {[%clk 1:04:27]} Nxg3 {[%clk 1:18:46]} 9. hxg3
{[%clk 1:04:52]} c6 {[%clk 1:18:47]} 10. Nc3 {[%clk 1:05:02]} e5 {[%clk 0:54:34]}
11. Bxa6 {[%clk 0:41:32]} bxa6 {[%clk 0:54:58]} 12. Qd3 {[%clk 0:28:48]} Rb8
{[%clk 0:42:30]} 13. e4 {[%clk 0:19:33]} Rxb2 {[%clk 0:22:40]} 14. dxe5
{[%clk 0:18:26]} fxe5 {[%clk 0:21:43]} 15. exd5 {[%clk 0:18:36]} cxd5
{[%clk 0:17:04]} 16. Nxd5 {[%clk 0:18:13]} Bf5 {[%clk 0:17:12]} 17. Qc3
{[%clk 0:14:48]} Rxc2 {[%clk 0:10:46]} 18. Qxe5+ {[%clk 0:14:39]} Kf7
{[%clk 0:10:57]} 19. Rb1 {[%clk 0:11:06]} Bd6 {[%clk 0:06:53]} 20. Rb7+
{[%clk 0:10:19]} Bd7 {[%clk 0:04:06]} 21. Qxd6 {[%clk 0:08:00]} Qa5+
{[%clk 0:04:11]} 22. Nb4 {[%clk 0:07:11]} 1-0

[Event "XXIX Miedzynarodowy Festiwal Szachowy CRACOVIA-2018 Grupa A"]
[Site "Krakow, Hotel Galaxy, ul. Gesia 22a"]
[Date "2018.12.28"]
[Round "2.11"]
[White "Chmiel, Marcin"]
[Black "Biriukov, Nikolai"]
[Result "0-1"]
[BlackElo "2365"]
[WhiteElo "2247"]
[LiveChessVersion "1.4.8"]

1. e4 {[%clk 1:30:34]} c5 {[%clk 1:30:57]} 2. Nf3 {[%clk 1:30:52]} a6
{[%clk 1:31:22]} 3. Nc3 {[%clk 1:30:53]} e6 {[%clk 1:31:45]} 4. d4
{[%clk 1:31:15]} cxd4 {[%clk 1:32:11]} 5. Nxd4 {[%clk 1:31:35]} Qc7
{[%clk 1:32:31]} 6. Bd3 {[%clk 1:31:49]} Bd6 {[%clk 1:29:31]} 7. Qg4
{[%clk 1:26:28]} Be5 {[%clk 1:22:57]} 8. Be3 {[%clk 1:23:45]} Nf6
{[%clk 1:22:57]} 9. Qh4 {[%clk 1:22:46]} Nc6 {[%clk 1:22:15]} 10. Nxc6
{[%clk 1:19:10]} Qxc6 {[%clk 1:20:47]} 11. O-O {[%clk 1:17:12]} b5
{[%clk 1:19:32]} 12. f4 {[%clk 1:00:48]} Bxc3 {[%clk 1:16:10]} 13. bxc3
{[%clk 1:01:10]} Nxe4 {[%clk 1:15:47]} 14. Bxe4 {[%clk 0:52:51]} Qxe4
{[%clk 1:16:14]} 15. Bc5 {[%clk 0:51:39]} f6 {[%clk 1:16:33]} 16. Rad1
{[%clk 0:38:32]} Bb7 {[%clk 1:08:54]} 17. Qf2 {[%clk 0:38:24]} Bc6
{[%clk 1:03:08]} 18. f5 {[%clk 0:34:21]} Qxf5 {[%clk 0:54:21]} 19. Qxf5
{[%clk 0:34:36]} exf5 {[%clk 0:54:47]} 20. Rde1+ {[%clk 0:33:38]} Kf7
{[%clk 0:50:00]} 21. Re7+ {[%clk 0:31:08]} Kg6 {[%clk 0:50:22]} 22. Rfe1
{[%clk 0:30:35]} Rhg8 {[%clk 0:49:12]} 23. Bd6 {[%clk 0:26:03]} h6
{[%clk 0:44:20]} 24. R1e3 {[%clk 0:26:02]} Kh7 {[%clk 0:37:54]} 25. a3
{[%clk 0:24:54]} Be4 {[%clk 0:36:49]} 26. Rg3 {[%clk 0:22:04]} Bc6
{[%clk 0:32:48]} 27. Rge3 {[%clk 0:21:38]} Rac8 {[%clk 0:31:59]} 28. h4
{[%clk 0:17:12]} h5 {[%clk 0:24:11]} 29. Kf2 {[%clk 0:15:02]} Kh6
{[%clk 0:22:55]} 30. Rf7 {[%clk 0:13:03]} Rce8 {[%clk 0:22:43]} 31. Rxe8
{[%clk 0:11:56]} Rxe8 {[%clk 0:23:11]} 32. Bf8 {[%clk 0:08:22]} Kh7
{[%clk 0:23:37]} 33. Bc5 {[%clk 0:06:22]} Kg8 {[%clk 0:22:56]} 34. Re7
{[%clk 0:06:42]} Rxe7 {[%clk 0:23:22]} 35. Bxe7 {[%clk 0:07:05]} Kf7
{[%clk 0:23:26]} 36. Bb4 {[%clk 0:06:35]} f4 {[%clk 0:22:17]} 37. g3
{[%clk 0:03:50]} fxg3+ {[%clk 0:20:23]} 38. Kxg3 {[%clk 0:04:18]} g5
{[%clk 0:20:38]} 39. hxg5 {[%clk 0:04:29]} fxg5 {[%clk 0:20:54]} 40. Ba5
{[%clk 0:34:20]} Be4 {[%clk 0:51:09]} 41. c4 {[%clk 0:34:33]} Bxc2
{[%clk 0:51:05]} 42. cxb5 {[%clk 0:34:50]} axb5 {[%clk 0:51:30]} 43. Bd8
{[%clk 0:35:01]} Kg6 {[%clk 0:51:55]} 44. Kf3 {[%clk 0:34:29]} h4
{[%clk 0:52:11]} 45. Be7 {[%clk 0:34:04]} Kh5 {[%clk 0:52:31]} 46. Bd8
{[%clk 0:34:10]} g4+ {[%clk 0:52:45]} 47. Kf4 {[%clk 0:34:31]} Bd1
{[%clk 0:52:02]} 48. Be7 {[%clk 0:34:33]} g3 {[%clk 0:50:37]} 49. Bd8
{[%clk 0:34:28]} Bg4 {[%clk 0:50:24]} 50. Be7 {[%clk 0:34:29]} Be6
{[%clk 0:50:40]} 51. Bd8 {[%clk 0:34:37]} g2 {[%clk 0:50:34]} 52. Bb6
{[%clk 0:34:59]} h3 {[%clk 0:50:43]} 53. Bg1 {[%clk 0:34:45]} Kg6
{[%clk 0:51:04]} 54. Bh2 {[%clk 0:34:37]} Kf6 {[%clk 0:51:23]} 55. Bg1
{[%clk 0:34:48]} Ke7 {[%clk 0:51:07]} 56. Ke5 {[%clk 0:34:47]} d6+
{[%clk 0:50:33]} 57. Ke4 {[%clk 0:34:44]} Kf6 {[%clk 0:50:35]} 58. Kf4
{[%clk 0:34:55]} Bd7 {[%clk 0:50:48]} 59. Bh2 {[%clk 0:34:46]} Ke6
{[%clk 0:51:08]} 60. Ke4 {[%clk 0:32:40]} Bc6+ {[%clk 0:51:28]} 61. Kd4
{[%clk 0:32:44]} Bb7 {[%clk 0:49:49]} 62. Ke3 {[%clk 0:30:31]} Kd5
{[%clk 0:50:04]} 63. Kd3 {[%clk 0:30:42]} Bc8 {[%clk 0:50:23]} 64. Ke3
{[%clk 0:30:41]} Kc4 {[%clk 0:50:43]} 65. Kf2 {[%clk 0:30:55]} d5
{[%clk 0:51:06]} 66. Ke3 {[%clk 0:31:15]} Be6 {[%clk 0:51:14]} 67. Bg1
{[%clk 0:31:30]} Kc3 {[%clk 0:51:14]} 68. Kd4+ 0-1

[Event "XXIX Miedzynarodowy Festiwal Szachowy CRACOVIA-2018 Grupa A"]
[Site "Krakow, Hotel Galaxy, ul. Gesia 22a"]
[Date "2018.12.28"]
[Round "2.27"]
[White "Goumas, Georgios"]
[Black "Den Boer, Lennard"]
[Result "1-0"]
[WhiteElo "2378"]
[BlackElo "2173"]
[PlyCount "45"]
[EventDate "2018.??.??"]

1. e4 e6 2. d4 d5 3. Nd2 Nf6 4. e5 Nfd7 5. Bd3 b6 6. Nh3 Ba6 7. Bxa6 Nxa6 8.
O-O c5 9. c3 Qc8 10. Qg4 cxd4 11. cxd4 Qc2 12. Nf3 Nb4 13. Nf4 h5 14. Nxh5 Qh7
15. Nf4 Nc2 16. Nxe6 fxe6 17. Qxe6+ Be7 18. Bg5 g6 19. Qxd5 Bxg5 20. Qxa8+ Ke7
21. Qc6 Nxa1 22. Qd6+ Ke8 23. e6 1-0

[Event "XXIX Miedzynarodowy Festiwal Szachowy CRACOVIA-2018 Grupa A"]
[Site "Krakow, Hotel Galaxy, ul. Gesia 22a"]
[Date "2018.12.28"]
[Round "2.30"]
[White "Heinzel, Olaf"]
[Black "Popiol, Michal"]
[Result "0-1"]
[WhiteElo "2326"]
[BlackElo "2169"]
[PlyCount "36"]
[EventDate "2018.??.??"]

1. d4 d5 2. Bf4 Nf6 3. e3 c5 4. Nc3 cxd4 5. exd4 a6 6. Nf3 e6 7. Bd3 Nc6 8. O-O
Bd6 9. Qd2 O-O 10. Ne2 b5 11. a4 b4 12. Ng3 a5 13. Bg5 Ba6 14. Ne5 Nxe5 15.
dxe5 Bxe5 16. Bxa6 Rxa6 17. Qe2 Qd6 18. Rad1 Raa8 0-1

[Event "XXIX Miedzynarodowy Festiwal Szachowy CRACOVIA-2018 Grupa A"]
[Site "Krakow, Hotel Galaxy, ul. Gesia 22a"]
[Date "2018.12.28"]
[Round "2.34"]
[White "Krishnater, Kushager"]
[Black "Sanz Wawer, Daniel"]
[Result "0-1"]
[WhiteElo "2305"]
[BlackElo "2127"]
[PlyCount "120"]
[EventDate "2018.??.??"]

1. e4 c6 2. Nc3 d5 3. Nf3 Bg4 4. h3 Bxf3 5. Qxf3 e6 6. g3 Nf6 7. Bg2 Be7 8. O-O
O-O 9. Rd1 d4 10. Ne2 e5 11. d3 Nbd7 12. g4 Ne8 13. Qg3 Bg5 14. f4 exf4 15.
Bxf4 Bxf4 16. Qxf4 Nc5 17. c3 Ne6 18. Qf2 c5 19. e5 N8c7 20. b4 cxb4 21. cxd4
Nd5 22. a3 bxa3 23. Rxa3 Qd7 24. Rda1 a6 25. Bxd5 Qxd5 26. Ra5 b5 27. Rxa6 Rxa6
28. Rxa6 b4 29. Rb6 Qa5 30. Rb7 Nd8 31. Rb8 Ne6 32. Rb7 Nd8 33. Rb8 Nc6 34.
Rxf8+ Kxf8 35. e6 Nd8 36. Qf4 Qb6 37. exf7 b3 38. Qe5 Nxf7 39. Qc5+ Qxc5 40.
dxc5 Ne5 41. d4 Nf3+ 42. Kf2 Nxd4 43. Nc3 Ne6 44. Ke3 b2 45. Kd3 Nxc5+ 46. Kc2
Ke7 47. Kxb2 Kf6 48. Kc2 Kg5 49. Kd2 Kh4 50. Ke3 Kxh3 51. Kf4 Kh4 52. Nd5 Nd3+
53. Kf5 g6+ 54. Ke6 Kg5 55. Nf6 h6 56. Kf7 Ne5+ 57. Kg7 Nxg4 58. Ne4+ Kf4 59.
Nd6 h5 60. Kxg6 h4 0-1

[Event "XXIX Miedzynarodowy Festiwal Szachowy CRACOVIA-2018 Grupa A"]
[Site "Krakow, Hotel Galaxy, ul. Gesia 22a"]
[Date "2018.12.28"]
[Round "2.43"]
[White "Sahil, Tickoo"]
[Black "Musial, Tomasz"]
[Result "1-0"]
[WhiteElo "2224"]
[BlackElo "1995"]
[PlyCount "69"]
[EventDate "2018.??.??"]

1. Nf3 Nf6 2. c4 e6 3. g3 d5 4. b3 Be7 5. Bg2 O-O 6. O-O c5 7. e3 Nc6 8. Bb2 b6
9. Qe2 Bb7 10. Rd1 Qc7 11. Nc3 Rfd8 12. Rac1 Rac8 13. cxd5 Nxd5 14. Nxd5 Rxd5
15. d4 Rdd8 16. dxc5 Rxd1+ 17. Rxd1 Bxc5 18. Ng5 h6 19. Ne4 Bf8 20. Nf6+ gxf6
21. Qg4+ Kh7 22. Be4+ f5 23. Bxf5+ exf5 24. Qxf5+ Kg8 25. Qf6 Kh7 26. g4 Ne5
27. Bxe5 Qxe5 28. Qxe5 Kg8 29. g5 Rc5 30. Qf4 Rxg5+ 31. Kf1 a5 32. Rd8 Ba6+ 33.
Ke1 Kg7 34. Qd4+ f6 35. Qd7+ 1-0

[Event "XXIX Miedzynarodowy Festiwal Szachowy CRACOVIA-2018 Grupa A"]
[Site "Krakow, Hotel Galaxy, ul. Gesia 22a"]
[Date "2018.12.28"]
[Round "2.45"]
[White "Jaskolka, Tomasz"]
[Black "Mahitosh, Dey"]
[Result "1/2-1/2"]
[WhiteElo "2222"]
[BlackElo "1931"]
[PlyCount "59"]
[EventDate "2018.??.??"]

1. d4 d5 2. Bf4 Nf6 3. e3 c5 4. c3 Nc6 5. Nd2 Bf5 6. Ngf3 Qb6 7. Nh4 Bg4 8. Qb3
c4 9. Qc2 h6 10. h3 Bd7 11. Bh2 e6 12. Be2 Qa5 13. O-O b5 14. b4 Qd8 15. a4 a6
16. Nhf3 Be7 17. Ne5 O-O 18. f4 Nxe5 19. fxe5 Nh7 20. Bh5 g6 21. Be2 bxa4 22.
e4 a5 23. exd5 exd5 24. Bf3 axb4 25. cxb4 Bf5 26. Qc3 Qb6 27. Bxd5 Bxb4 28. Qe3
Bxd2 29. Qxd2 Rad8 30. Bxc4 1/2-1/2

[Event "XXIX Miedzynarodowy Festiwal Szachowy CRACOVIA-2018 Grupa A"]
[Site "Krakow, Hotel Galaxy, ul. Gesia 22a"]
[Date "2018.12.28"]
[Round "2.46"]
[White "Turski, Bartlomiej"]
[Black "Tomaszewski, Roman"]
[Result "1-0"]
[WhiteElo "1924"]
[BlackElo "2216"]
[PlyCount "107"]
[EventDate "2018.??.??"]

1. e4 Nf6 2. e5 Nd5 3. c4 Nb6 4. d4 d6 5. exd6 exd6 6. Nc3 Be7 7. Be3 O-O 8.
Nf3 Bf5 9. Be2 Bf6 10. O-O c6 11. Rc1 Bg4 12. b3 d5 13. c5 Nc8 14. h3 Bxf3 15.
Bxf3 Ne7 16. Qd3 g6 17. Bh6 Re8 18. Bg4 Bg7 19. Bxg7 Kxg7 20. h4 Nd7 21. Rfe1
h5 22. Bh3 Ng8 23. b4 Nf8 24. g3 Qc7 25. b5 Qa5 26. Rb1 Nf6 27. Re5 Qa3 28.
Rbe1 Ne4 29. Rxe8 Rxe8 30. Re3 Qc1+ 31. Kg2 f5 32. bxc6 bxc6 33. Nxe4 dxe4 34.
Qa6 Re6 35. Qxa7+ Kf6 36. Qb8 Kg7 37. Qc7+ Kg8 38. a4 Qd1 39. a5 Qa4 40. Qb6
Rf6 41. a6 Rf7 42. Kg1 Nd7 43. Qb2 Qxa6 44. Bf1 Qa4 45. Ra3 Qd1 46. Ra1 Qg4 47.
Bc4 Kg7 48. Bxf7 Kxf7 49. Qb3+ Ke7 50. Qe3 Nf6 51. Ra7+ Ke8 52. Qb3 Nd7 53.
Qe6+ Kd8 54. Qxd7# 1-0

[Event "XXIX Miedzynarodowy Festiwal Szachowy CRACOVIA-2018 Grupa A"]
[Site "Krakow, Hotel Galaxy, ul. Gesia 22a"]
[Date "2018.12.28"]
[Round "2.66"]
[White "Wisniewski, Michal"]
[Black "Jijo, Joy"]
[Result "1-0"]
[WhiteElo "2161"]
[BlackElo "1940"]
[PlyCount "53"]
[EventDate "2018.??.??"]

1. e4 e5 2. Nc3 Nf6 3. g3 d5 4. exd5 Nxd5 5. Bg2 Nxc3 6. bxc3 Nc6 7. Ne2 Be6 8.
O-O Bd5 9. Bxd5 Qxd5 10. d3 O-O-O 11. c4 Qe6 12. Be3 Bb4 13. a3 Ba5 14. Rb1 f5
15. Rb5 Rhf8 16. f3 e4 17. fxe4 fxe4 18. Rxf8 Rxf8 19. Nf4 Qe8 20. Qg4+ Kb8 21.
d4 Bb6 22. Rd5 Qf7 23. c5 Ba5 24. Rd7 Qa2 25. Qxg7 Rc8 26. d5 Qxc2 27. dxc6 1-0

[Event "XXIX Miedzynarodowy Festiwal Szachowy CRACOVIA-2018 Grupa A"]
[Site "Krakow, Hotel Galaxy, ul. Gesia 22a"]
[Date "2018.12.28"]
[Round "2.67"]
[White "Hemmerling, Jaroslaw"]
[Black "Praczukowski, Stanislaw"]
[Result "0-1"]
[WhiteElo "1940"]
[BlackElo "2155"]
[PlyCount "90"]
[EventDate "2018.??.??"]

1. Nf3 d5 2. g3 Bg4 3. Bg2 Nd7 4. d4 e6 5. O-O Ngf6 6. c4 c6 7. cxd5 exd5 8.
Bf4 Be7 9. Nc3 O-O 10. Qc2 Re8 11. Rfe1 Bf8 12. Rac1 g6 13. Qd2 Bg7 14. Ne5 Bf5
15. Nxd7 Qxd7 16. Be5 Bh3 17. Bh1 Rad8 18. Qc2 Qg4 19. Bf3 Qe6 20. Na4 Bh6 21.
Nc5 Qe7 22. Nxb7 Qxb7 23. Bxf6 Rd6 24. Be5 Rde6 25. Rcd1 f6 26. Bf4 Bxf4 27.
gxf4 Qc7 28. Qd2 Kh8 29. Bg2 Bxg2 30. Kxg2 Re4 31. e3 Qd7 32. f3 R4e7 33. Rc1
g5 34. fxg5 fxg5 35. Rc3 g4 36. Qe2 gxf3+ 37. Qxf3 Rf7 38. Qh5 Rf5 39. Qh4 Qf7
40. Rcc1 Rg8+ 41. Kh1 Rf2 42. Qh3 Qe7 43. e4 dxe4 44. Rxc6 e3 45. Qe6 Rxh2+ 0-1

[Event "XXIX Miedzynarodowy Festiwal Szachowy CRACOVIA-2018 Grupa A"]
[Site "Krakow, Hotel Galaxy, ul. Gesia 22a"]
[Date "2018.12.28"]
[Round "2.25"]
[White "Cukrowski, Filip"]
[Black "Antolak, Julia"]
[Result "1-0"]
[WhiteElo "2416"]
[BlackElo "2183"]
[PlyCount "79"]
[EventDate "2018.??.??"]

1. d4 Nf6 2. c4 e6 3. g3 c5 4. Nf3 d5 5. Bg2 Nc6 6. O-O dxc4 7. dxc5 Qxd1 8.
Rxd1 Bxc5 9. Nbd2 Ng4 10. Ne4 Be7 11. Bd2 f5 12. Nc3 Bd7 13. Nb5 Rc8 14. Bc3
Nf6 15. Ng5 a6 16. Nd6+ Bxd6 17. Rxd6 h6 18. Nxe6 Ke7 19. Rxd7+ Nxd7 20. Nxg7
Rhf8 21. Bh3 b5 22. Nxf5+ Kd8 23. Rd1 b4 24. Ng7 Rf7 25. Bf6+ Kc7 26. Bxd7 Rxf6
27. Bxc8 Kxc8 28. Ne8 Re6 29. Nd6+ Kc7 30. Nxc4 Rxe2 31. Rc1 Kd7 32. Kf1 Re6
33. Rd1+ Kc7 34. f3 Ne7 35. Kf2 Nf5 36. Rd5 Ne7 37. Rd3 Nc6 38. h4 a5 39. b3
Re7 40. Rd5 1-0

[Event "XXIX Miedzynarodowy Festiwal Szachowy CRACOVIA-2018 Grupa A"]
[Site "Krakow, Hotel Galaxy, ul. Gesia 22a"]
[Date "2018.12.28"]
[Round "2.32"]
[White "Zakrzewski, Marek"]
[Black "Sanz Losada, Victoriano"]
[Result "1-0"]
[WhiteElo "2311"]
[BlackElo "2121"]
[PlyCount "77"]
[EventDate "2018.??.??"]

1. e4 c5 2. Nf3 d6 3. d4 cxd4 4. Nxd4 Nf6 5. Nc3 Nc6 6. Bg5 e6 7. Qd2 Be7 8.
O-O-O O-O 9. f4 Nxd4 10. Qxd4 Qa5 11. Be2 Bd7 12. e5 dxe5 13. fxe5 Bc6 14. Bxf6
gxf6 15. Nd5 Bxd5 16. exf6 Bxf6 17. Qxf6 Be4 18. Bd3 Bg6 19. h4 Rfd8 20. h5
Rxd3 21. h6 Kf8 22. cxd3 Qd8 23. Qxd8+ Rxd8 24. Kc2 e5 25. Rh4 Ke7 26. Rc4 Rd7
27. Kc3 e4 28. d4 f5 29. g3 Kf6 30. d5 Bh5 31. Rdd4 Bf7 32. Rc5 b6 33. Rc6+ Ke5
34. d6 Bd5 35. Rc7 Rxd6 36. Re7+ Kf6 37. Rxh7 Kg6 38. Re7 Kxh6 39. Kd2 1-0

[Event "XXIX Miedzynarodowy Festiwal Szachowy CRACOVIA-2018 Grupa A"]
[Site "Krakow, Hotel Galaxy, ul. Gesia 22a"]
[Date "2018.12.28"]
[Round "2.33"]
[White "Rudzinska, Michalina"]
[Black "Dietmayer-kraeutler, Marco"]
[Result "0-1"]
[WhiteElo "2141"]
[BlackElo "2311"]
[PlyCount "84"]
[EventDate "2018.??.??"]

1. e4 d5 2. exd5 Qxd5 3. Nc3 Qa5 4. d4 Nf6 5. Bc4 Bf5 6. Nge2 e6 7. Ng3 Bg6 8.
O-O h5 9. Qe2 Nc6 10. Bb5 O-O-O 11. Bxc6 bxc6 12. Qc4 Qb6 13. Be3 Nd5 14. Nge4
Be7 15. Nc5 Bxc5 16. dxc5 Qxb2 17. Nxd5 Rxd5 18. Qa6+ Qb7 19. Qa4 Rhd8 20. h3
Qb5 21. Qxa7 Bxc2 22. a4 Qb7 23. Qa5 e5 24. Kh2 Bd3 25. Rfc1 f6 26. Qc3 Kb8 27.
Ra3 Ka8 28. f3 Rb8 29. Rd1 Bf5 30. Rxd5 cxd5 31. c6 Qb4 32. Qc1 d4 33. Bd2 Qb2
34. Qc4 Bc8 35. Bc1 Qb4 36. Qd5 Ba6 37. f4 Qe1 38. Qc5 Rb1 39. Qf8+ Ka7 40. Qd8
Qxc1 41. Qxc7+ Rb7 42. Qd6 Qxf4+ 0-1

[Event "XXIX Miedzynarodowy Festiwal Szachowy CRACOVIA-2018 Grupa A"]
[Site "Krakow, Hotel Galaxy, ul. Gesia 22a"]
[Date "2018.12.28"]
[Round "2.35"]
[White "Chomczyk, Marek"]
[Black "Om, Kharola"]
[Result "1/2-1/2"]
[Annotator "Leszek"]
[PlyCount "99"]
[EventDate "2018.??.??"]

{[WhiteElo "2294"] [BlackElo "2080"]} 1. e4 e5 2. d4 exd4 3. Qxd4 Nc6 4. Qe3
Nf6 5. e5 Nd5 6. Qe4 Nb6 7. Nc3 Bb4 8. Bf4 Qe7 9. Bd3 Na4 10. Nge2 Nc5 11. Qc4
Nxd3+ 12. cxd3 d6 13. exd6 Bxd6 14. O-O Be6 15. Qe4 O-O-O 16. Nb5 Bxf4 17. Nxf4
a6 18. Nc3 Rd4 19. Qe3 Bf5 20. Rfe1 Qg5 21. Ne4 Qd8 22. Rac1 Re8 23. Nd6+ cxd6
24. Qxe8 Qxe8 25. Rxe8+ Kd7 26. Nh5 Kxe8 27. Nxg7+ Kd7 28. Nxf5 Rxd3 29. Ne3
Nb4 30. a3 Nd5 31. Rd1 Rxd1+ 32. Nxd1 Kc6 33. Kf1 Kc5 34. Ke2 Kc4 35. g4 b5 36.
h4 Nf4+ 37. Kd2 Ng6 38. h5 Ne5 39. Ne3+ Kb3 40. f4 Nc4+ 41. Ke2 Nxe3 42. Kxe3
Kxb2 43. g5 Kxa3 44. f5 b4 45. g6 hxg6 46. hxg6 fxg6 47. f6 b3 48. f7 b2 49.
f8=Q b1=Q 50. Qxd6+ 1/2-1/2

[Event "XXIX Miedzynarodowy Festiwal Szachowy CRACOVIA-2018 Grupa A"]
[Site "Krakow, Hotel Galaxy, ul. Gesia 22a"]
[Date "2018.12.28"]
[Round "2.37"]
[White "Marszalek, Maciej"]
[Black "Chyzy, Jakub"]
[Result "1/2-1/2"]
[WhiteElo "2280"]
[BlackElo "2045"]
[PlyCount "82"]
[EventDate "2018.??.??"]

1. Nf3 d5 2. c4 e6 3. g3 Nf6 4. b3 Be7 5. Bg2 O-O 6. O-O c5 7. Bb2 Nc6 8. cxd5
Nxd5 9. Nc3 Bf6 10. Qc2 b6 11. Rac1 Bb7 12. Rfd1 Rc8 13. Qb1 Nxc3 14. Bxc3 Bxc3
15. Rxc3 Qe7 16. e3 e5 17. d3 f5 18. a3 Rce8 19. Nd2 Nd8 20. Bxb7 Nxb7 21. b4
f4 22. Ne4 f3 23. bxc5 Nxc5 24. Nxc5 bxc5 25. Rdc1 Kh8 26. h4 c4 27. Rxc4 Qxa3
28. Qc2 Qe7 29. Kh2 a5 30. Rc7 Qf6 31. Qc4 Qf5 32. Qe4 Qxe4 33. dxe4 Ra8 34.
Ra1 a4 35. Ra3 Rfb8 36. g4 Rb4 37. Kg3 Rxe4 38. Rac3 h5 39. Rc8+ Rxc8 40. Rxc8+
Kh7 41. gxh5 Rb4 1/2-1/2

[Event "XXIX Miedzynarodowy Festiwal Szachowy CRACOVIA-2018 Grupa A"]
[Site "Krakow, Hotel Galaxy, ul. Gesia 22a"]
[Date "2018.12.28"]
[Round "2.38"]
[White "Czerw, Dawid"]
[Black "Golenia, Jan"]
[Result "1/2-1/2"]
[WhiteElo "2275"]
[BlackElo "2059"]
[PlyCount "65"]
[EventDate "2018.??.??"]

1. d4 f5 2. Nc3 Nf6 3. Bg5 e6 4. e4 fxe4 5. Nxe4 Be7 6. Bxf6 Bxf6 7. Qh5+ g6 8.
Qh6 Nc6 9. Nf3 b6 10. O-O-O Bb7 11. c3 Qe7 12. Qf4 O-O 13. Nxf6+ Rxf6 14. Qg3
Raf8 15. h4 Na5 16. Be2 Rf5 17. h5 g5 18. Rhf1 Bxf3 19. Bxf3 c6 20. Be4 Rf4 21.
Bd3 b5 22. Qe3 Qf6 23. f3 Rh4 24. Rh1 Qf4 25. Qxf4 Rfxf4 26. Kd2 Nb7 27. Ke2
Nd6 28. g3 Rxh1 29. Rxh1 Rf6 30. a4 a6 31. Ra1 Nf5 32. axb5 axb5 33. Bxf5
1/2-1/2

[Event "XXIX Miedzynarodowy Festiwal Szachowy CRACOVIA-2018 Grupa A"]
[Site "Krakow, Hotel Galaxy, ul. Gesia 22a"]
[Date "2018.12.28"]
[Round "2.40"]
[White "Gbyl, Andrzej"]
[Black "Wikar, Martyna"]
[Result "1-0"]
[WhiteElo "2266"]
[BlackElo "2016"]
[PlyCount "53"]
[EventDate "2018.??.??"]

1. d4 d5 2. c4 e5 3. dxe5 d4 4. Nf3 Nc6 5. a3 Nge7 6. e3 Nf5 7. g4 Nh4 8. h3
Nxf3+ 9. Qxf3 Nxe5 10. Qe4 Qe7 11. Bg2 c5 12. O-O Nxc4 13. Qc2 Be6 14. exd4
cxd4 15. Nd2 Rc8 16. Qe4 h5 17. g5 Nd6 18. Qxd4 Qxg5 19. Ne4 Qe7 20. Bg5 Qd7
21. Rad1 Nc4 22. Qc3 Qb5 23. b3 Nd6 24. Rxd6 Qxg5 25. Rxe6+ fxe6 26. Qxc8+ Qd8
27. Qxe6+ 1-0

[Event "XXIX Miedzynarodowy Festiwal Szachowy CRACOVIA-2018 Grupa A"]
[Site "Krakow, Hotel Galaxy, ul. Gesia 22a"]
[Date "2018.12.28"]
[Round "2.42"]
[White "Moscicka, Pola"]
[Black "Kokoszczynski, Jan"]
[Result "0-1"]
[WhiteElo "1950"]
[BlackElo "2242"]
[Annotator "Leszek"]
[PlyCount "75"]
[EventDate "2018.??.??"]

1. e4 c5 2. Nf3 d6 3. d4 cxd4 4. Nxd4 Nf6 5. Nc3 a6 6. Be2 e5 7. Nb3 Be6 8. Be3
Be7 9. O-O O-O 10. a4 Nbd7 11. a5 Qc7 12. Qd2 Rac8 13. Rfd1 Rfd8 14. Qe1 h6 15.
Bf3 Nh7 16. Nc1 Ng5 17. Be2 Qb8 18. h4 Nh7 19. f3 Ndf6 20. f4 exf4 21. Bxf4
Qa7+ 22. Kh1 Rxc3 23. bxc3 Nxe4 24. Nd3 Bf6 25. Bd2 Rc8 26. Ra3 Rc4 27. Bf4
Nxc3 28. Rc1 Re4 29. Rxc3 Bxc3 30. Qxc3 Rxe2 31. Re1 Rxe1+ 32. Qxe1 Qd4 33. Qg3
Qa1+ 34. Kh2 Nf6 35. Nf2 Nh5 36. Qf3 Nxf4 37. Qxf4 Qa3 38. Qxd6 {Zapis
nieczytelny} 0-1

[Event "XXIX Miedzynarodowy Festiwal Szachowy CRACOVIA-2018 Grupa A"]
[Site "Krakow, Hotel Galaxy, ul. Gesia 22a"]
[Date "2018.12.28"]
[Round "2.44"]
[White "Swiech, Joanna"]
[Black "Lukasiewicz, Krzysztof"]
[Result "1/2-1/2"]
[WhiteElo "1965"]
[BlackElo "2223"]
[PlyCount "74"]
[EventDate "2018.??.??"]

1. d4 Nf6 2. c4 e6 3. Nc3 Bb4 4. Qc2 c5 5. Nf3 O-O 6. dxc5 Na6 7. Bd2 Nxc5 8.
a3 Bxc3 9. Bxc3 d6 10. b4 Nce4 11. e3 Nxc3 12. Qxc3 a5 13. Rd1 Qc7 14. Qd4 axb4
15. axb4 Ne8 16. Be2 Ra4 17. Qd2 Qb6 18. Rb1 e5 19. O-O Nf6 20. c5 dxc5 21.
bxc5 Qxc5 22. Rb5 Qa7 23. Nxe5 Ra2 24. Rb2 Rxb2 25. Qxb2 Re8 26. Bb5 Rd8 27.
Bc4 Be6 28. Bxe6 fxe6 29. h3 Qc5 30. Nf3 Qd5 31. Rb1 Rd7 32. Rc1 Rd8 33. Qb6
Ne4 34. Nd4 e5 35. Nf5 Qd7 36. g4 Qd2 37. Rf1 Qd7 1/2-1/2